000 00501nam a2200181 4500
001 122616
003 ES-MaACL
005 20230906192018.0
007 t|
008 070214s1966 sp r ||||1| spa d
080 _a615.732.3
100 1 _aPuig, Ignacio.
_994227
245 1 0 _aVirtudes curativas del magnesio /
_cIgnacio Puig.
260 _aBarcelona :
_bSintes,
_c1966.
300 _a158 p. ;
_c18 cm.
650 4 _aMagnesio-
_xUso terapéutico.
_9149316
852 _aES-MaACL
_jC-31991
_bR.62626
999 _c122616
_d122616